Normal view
MARC view
Entry Personal Name
001 - CONTROL NUMBER
- control field: 29443
003 - CONTROL NUMBER IDENTIFIER
- control field: ARRUPE
005 - DATE AND TIME OF LATEST TRANSACTION
- control field: 20170316115640.0
008 - FIXED-LENGTH DATA ELEMENTS
- fixed length control field: 170316|| aca||aabn | a|a d
040 ## - CATALOGING SOURCE
- Original cataloging agency: ARRUPE
- Transcribing agency: ARRUPE
100 ## - HEADING--PERSONAL NAME
- Personal name: Tawney, R. H.
- Fuller form of name: (Richard Henry),
- Dates associated with a name: 1880-1962,
- Relator term: joint ed.
670 ## - SOURCE DATA FOUND
- Source citation: Work cat.: (ARRUPE)0: Southgate, George Walter 29440, English economic history;, 1965.